00521 2200169 4500001002100000005001500021035002000036245003300056100002000089250001000109300003200119700011500151260004100266082000800307084001400315020002200329INLIS00000000000377020230119083134 a0010-01230002971 aParadigma /cSyahid Muhammad0 aSyahid Muhammad aCet 1 a317 hlm :bIlus ;c14x20 cm0 aPenyunting:Nurul fadhilah yaumil,flo; Penyelaras aksara:Tri prasetyo dkk; Desain Sampul&Tata Letak:Techno dkk; aJakarta; :bGradien Mediatama,c2018 a813 a813 SYA p a978-602-208-169-2